Effectif Stade Toulousain 2025-2026 - Statistiques

Statistiques générales
  • Ce quiz a été pris 413 fois
  • Le résultat moyen est 25 sur 100
Statistiques - réponses
Indice age Ansewer % Correct
Premiere ligne 32 Cyril Baille
86%
Demi de melee 28 Antoine Dupont
84%
Talonneur 31 Julian Marchand
84%
Demi ouverture 26 Romain Ntamack
82%
3eme Ligne 23 Théo Ntamack
81%
Talonneur 29 Peato Mauvaka
80%
Premiere ligne 32 Dorian Aldegheri
74%
Arrière 30 Thomas Ramos
73%
2eme Ligne 29 Thibault Flament
69%
2eme Ligne 27 Emmanuel Meafou
67%
Talonneur 24 Guillaume Cramont
67%
Demi de melee 28 Paul Graou
67%
3eme Ligne 29 Anthony Jelonch
63%
3eme Ligne 31 Francois Cros
62%
Demi de melee 28 Naoto Saito
62%
Ailier 26 Mathis Lebel
61%
Arrière 26 Ange Capuozzo
58%
Talonneur 21 Thomas Lacombre
55%
3eme Ligne 28 Jack Willis
53%
Centre 26 Santiago Chocobares
53%
Arrière 28 Blair Kinghorn
52%
3eme Ligne 28 Alexandre Roumat
52%
Centre 20 Kalvin Gourgues
52%
Centre 32 Teddy Thomas
51%
Premiere ligne 24 Joël Merkler
49%
2eme Ligne 18 Mathis Thomas
49%
Centre 27 Pierre Louis-Barassi
48%
Premiere ligne 28 Georges Colombe
47%
Centre 22 Paul Costes
47%
Ailier 26 Dimitri Delibes
46%
Centre 33 Pita Ahki
44%
2eme Ligne 18 Bobby Brennan
42%
2eme Ligne 24 Josua Brennan
42%
Premiere ligne 26 David Ainu'u
40%
Premiere ligne 22 Benjamin Bertrand
35%
2eme Ligne 24 Clement vergé
34%
Arrière 29 Juan Cruz
34%
3eme Ligne 23 Leo Banos
32%
2eme Ligne 21 Efrain elias
28%
Premiere ligne 23 Malachi Hawkes
28%
3eme Ligne 21 Mathis Castro Ferreira
27%
Premiere ligne 24 Paul Mallez
25%
Ailier 24 Nelson Epee
24%
Demi de melee 20 Simon Daroque
21%
Arrière 22 Matias Remue
21%
Demi ouverture 20 Lucien Richardis
16%
3eme Ligne 20 Siale Tolofua
11%
Centre 20 Lucas Vigneres
11%
2eme Ligne 18 Alban Portat
10%
2eme Ligne 22 Raphael Portat
10%
Arrière 20 Romeo Mola
7%
Arrière 19 Thomas Alary
7%
Demi de melee 19 Nathan Llaveria
6%
Premiere ligne 21 Mohamed Megherbi
6%
2eme Ligne 19 Romeo Martin Bonnard
6%
Centre 22 Célian poulzegues
4%
2eme Ligne 21 Hugo Déscube
3%
Premiere ligne 21 Thomas Rapetti
3%
Premiere ligne 20 Loic Varenne
3%
Premiere ligne 18 Rafael Gallardo
3%
2eme Ligne 23 Ted Condon
3%
Premiere ligne 18 Gaetan Granié
3%
Centre 20 Hugo Pichardie
3%
Ailier 19 Jeremy Nemor
3%
3eme Ligne 18 Azur Hot Simon
2%
Premiere ligne 18 Joe Lafarge
2%
Premiere ligne 21 Herman Mekenese
2%
3eme Ligne 21 Lomig Jouanny
2%
3eme Ligne 19 Marceau Marzullo
2%
3eme Ligne 18 Martin Labarthe
2%
Centre 19 Mathis Gil
2%
Premiere ligne 18 Noa Tinnirello
2%
Demi de melee 19 Lorenzo Ferrari
2%
Arrière 18 Mathis Capus
2%
Talonneur 18 Enzo Fluxa
1%
Centre 18 Luka Amati
1%
Talonneur 19 Sacha Segard
1%
Demi ouverture 19 Louis Companyo
1%
3eme Ligne 17 Marc-élie Kouassi
1%
Talonneur 19 Maxime Gardelle
1%
Centre 18 Oriol Marsinyac
1%
Premiere ligne 18 Theo guiral
1%
Demi de melee 18 Zénon Rendu
1%
Demi ouverture 18 Jack Vas
1%
Demi ouverture 19 Louis Rethore
1%
Ailier 20 Mathias Bouniol
1%
Ailier 19 Matt Berges
1%
Centre 17 Axel Mirande
0%
2eme Ligne 18 Eliot Barrie
0%
2eme Ligne 18 Rayan Benherrou
0%
3eme Ligne 19 Tom Le Hellard
0%
Talonneur 20 Mathis Caublot
0%
3eme Ligne 19 Guillaume Raynaud
0%
3eme Ligne 19 Hugo ibres
0%
3eme Ligne 17 Hugo Soubre
0%
Ailier 20 Jean-Charles Dupleix
0%
Centre 19 Kilian Bondi
0%
Ailier 19 Kylian Destarac
0%
Ailier 18 Louis Jacquot
0%
Ailier 18 Martin Thibault
0%
Aucun quiz correspondant
Distribution des résultats
% des personnes avec chaque résultat
Percentile par nombre de réponses
Votre historique - résultats
Vous n’avez pas pris ce quiz